Преподаване на немски език (Запис номер 10885)
[ съкратено ]
| 000 -Лидер | |
|---|---|
| Контролно поле с фиксирана дължина | 01674nam a2200349 c 4500 |
| 003 - Код на организацията, давaща контролен номер | |
| Контролно поле | BLK |
| 005 - Дата и час на последна редакция | |
| Контролно поле | 20210909141202.0 |
| 008 - Елементи от данни с фиксирана дължина | |
| fixed length control field | 180412b bul|||||r ||||||| ||bul|| |
| 010 ## - Наследен системен номер | |
| LC control number | KNG00012399000 |
| 020 ## - Международен стандартен номер на книга ISBN | |
| Международен стандартен номер на книга ISBN | 954-427-226-7 |
| -- | издат.: Абагар |
| 040 ## - Източник на каталожния запис | |
| Идентификатор на билиотеката - собственик на записа | BLK |
| 041 ## - Код за език | |
| Код за езика на текст/звукозапис или на отделно заглавие | Български |
| Код за езика КДБФ | Български |
| 080 ## - УДК | |
| Текстов определител УДК | Немски език (високонемски, стандартен писмен) |
| УДК код - определител по УДК | 811.112.2 |
| УДК определител | -56(072) |
| УДК - код + определител | 811.112.2-56(072) |
| 100 1# - Редна дума - Автор | |
| Автор | Велев, Любомир Антимов |
| Авторска отговорност | първи автор |
| R(LIN) | 246426 |
| 139 ## - Редно поле | |
| Редна дума | Велев, Любомир А. |
| Авторски знак | Веле - В 38 |
| 245 10 - Сведения за заглавието | |
| Заглавие | Преподаване на немски език |
| Подзаглавни данни | За работата върху някои синтактични структури при преподаване и усвояване на немски език в българското средно училище: Върху примери от топологичните отношения |
| Редно поле (дума) | Любомир Антимов Велев. |
| 257 ## - Страна на издаване | |
| Страна на създаване/издаване | България |
| 260 ## - Област на издателските данни | |
| -- | В. Търново |
| Име на издателя, разпространителя и проч. | Абагар |
| Година на издаване | 1996 |
| 300 ## - Физическа характеристика | |
| Страници | 280 с. |
| Илюстрации и др. | с табл., сх., диагр. |
| Размери/Мащаб | 20 см |
| 380 ## - Жанр | |
| Жанр | Езикознание. Филология |
| 500 ## - Общи забележки | |
| Забележка | Деп. списък: 17 ; 1 000 тир |
| 650 #4 - Допълнително описание по предмет – тема | |
| Основно описание – тема или топоним | Немски език - граматика - методика на преподаването |
| 9 (RLIN) | 255949 |
| 653 ## - Ключова дума – ненормативна | |
| Ключова дума | немски език |
| 653 ## - Ключова дума – ненормативна | |
| Ключова дума | методика на преподаването |
| 653 ## - Ключова дума – ненормативна | |
| Ключова дума | граматика |
| 653 ## - Ключова дума – ненормативна | |
| Ключова дума | синтаксис |
| 852 ## - Местоположение | |
| Форматна сигнатура | Цб 188975 |
| 856 4# - Електронен адрес и достъп | |
| Електронен формат | pdf - файл |
| Път до файла /url/ | |
| 856 4# - Електронен адрес и достъп | |
| Електронен формат | pdf - файл |
| Път до файла /url/ | |
| 942 ## - АРТИКУЛИ | |
| Вид на библиотечния материал | Книги |
| Скрит в OPAC | Не |
| Koha issues (borrowed), all copies | 1 |
| 944 ## - СЪЗДАВАНЕ И РЕДАКЦИЯ на ЗАПИСА | |
| Създаване/Редакция | Създаване |
| Дата на регистрацията/редакция | 15.01.2003 |
| Служител, извършил регистрацията/редакцията | Теодора_Стоянова |
| 944 ## - СЪЗДАВАНЕ И РЕДАКЦИЯ на ЗАПИСА | |
| Създаване/Редакция | Редакция |
| Дата на регистрацията/редакция | 07.08.2015 |
| Служител, извършил регистрацията/редакцията | Теодора_Стоянова |
| 999 ## - СИСТЕМНИ КОНТРОЛНИ НОМЕРА | |
| Koha biblionumber | 10885 |
| Koha biblioitemnumber | 10885 |
| Код за отписване | Код за изгубен артикул | Източник на класификационната схема | Код за повреда | Коз за рестрикции | Код за отдаване | Артикулен № | Име на библиотеката - собственик | Име на библиотеката, в която се намира в момента | Статус (Текущо местоположение) | Дата на вписване в системата | Местоположение - отдел | Цена в лева | Инвентарен номер | Систематично азбучна сигнатура | Баркод | Номер на екземпляра | Цена в евро | Служебна бележка | Служебен тип на артикула |
|---|---|---|---|---|---|---|---|---|---|---|---|---|---|---|---|---|---|---|---|
| Изтеглен | Не е изгубен | Universal Decimal Classification | Не е повреден | без рестрикции | заемане за дома | 18889 | Регионална библиотека "Любен Каравелов" Русе | Регионална библиотека "Любен Каравелов" Русе | ЧЧЗО - англ. ез. - Британски съвет | 2001-01-01 | ЧЧЗО - англ. ез. - Британски съвет | 0.00 | 620646 | Ч3 803.0-5(072)/В 38 | 620646 | 1 | 0.00 | Дата инв: 20.03.2015 Бележки инв: Ч32015 | Книги |
| Изтеглен | Не е изгубен | Universal Decimal Classification | Не е повреден | без рестрикции | заемане за дома | 18890 | Регионална библиотека "Любен Каравелов" Русе | Регионална библиотека "Любен Каравелов" Русе | ЧЧЗО - англ. ез. - Британски съвет | 2001-01-01 | ЧЧЗО - англ. ез. - Британски съвет | 0.00 | 620647 | Ч3 803.0-5(072)/В | 620647 | 2 | 0.00 | Дата инв: 20.03.2015 Бележки инв: Ч32015 | Книги |
| Не е изгубен | Universal Decimal Classification | Не е повреден | без рестрикции | ползва се в читалня | 18891 | Регионална библиотека "Любен Каравелов" Русе | Регионална библиотека "Любен Каравелов" Русе | Хранилище | 2001-01-01 | Хранилище | 0.90 | 622796 | Цб 188975 | 120000622796 | 3 | 0.46 | Книги |